Indo-American politics, 1970-78 / (Record no. 42175)
[ view plain ]
| 000 -LEADER | |
|---|---|
| fixed length control field | 00931nam a2200289 a 4500 |
| 001 - CONTROL NUMBER | |
| control field | 42175 |
| 003 - CONTROL NUMBER IDENTIFIER | |
| rucl marc code | BD-RjUL |
| 005 - DATE AND TIME OF LATEST TRANSACTION | |
| control field | 20211209053514.0 |
| 008 - FIXED-LENGTH DATA ELEMENTS--GENERAL INFORMATION | |
| fixed length control field | 160611s1980 ii b 000 0 eng |
| 020 ## - INTERNATIONAL STANDARD BOOK NUMBER | |
| Terms of availability | Rs60.00 |
| 035 ## - SYSTEM CONTROL NUMBER | |
| System control number | (BD-RjUL)42293 |
| 040 ## - CATALOGING SOURCE | |
| Original cataloging agency | DLC |
| Transcribing agency | DLC |
| Modifying agency | DLC |
| -- | (BD-RjUL) |
| Language of cataloging | eng |
| 041 ## - LANGUAGE CODE | |
| Language code of text/sound track or separate title | eng |
| 082 00 - DEWEY DECIMAL CLASSIFICATION NUMBER | |
| Classification number | 327.73054 |
| Edition number | 19 |
| Author mark and year | RAI 1980 |
| 100 1# - MAIN ENTRY--PERSONAL NAME | |
| Personal name | Rahamathulla, B., |
| Dates associated with a name | 1942- |
| 9 (RLIN) | 129708 |
| 245 10 - TITLE STATEMENT | |
| Title | Indo-American politics, 1970-78 / |
| Statement of responsibility, etc. | B. Rahamathulla. |
| 250 ## - EDITION STATEMENT | |
| Edition statement | 1st ed. |
| 260 ## - PUBLICATION, DISTRIBUTION, ETC. (IMPRINT) | |
| Place of publication, distribution, etc. | Delhi : |
| Name of publisher, distributor, etc. | Surjeet Publications, |
| Date of publication, distribution, etc. | 1980. |
| 300 ## - PHYSICAL DESCRIPTION | |
| Pagination | xii, 155 p. ; |
| Size | 23 cm. |
| 500 ## - GENERAL NOTE | |
| General note | A revision of the author's thesis, Aligarh Muslim University, 1978. |
| 504 ## - BIBLIOGRAPHY, ETC. NOTE | |
| Bibliography, etc | Bibliography: p. [142]-155. |
| 610 10 - SUBJECT ADDED ENTRY--CORPORATE NAME | |
| Corporate name or jurisdiction name as entry element | India. |
| Subordinate unit | Parliament. |
| 651 #0 - SUBJECT ADDED ENTRY--GEOGRAPHIC NAME | |
| Geographic name | United States |
| General subdivision | Foreign relations |
| Geographic subdivision | India. |
| 9 (RLIN) | 128143 |
| Geographic name | India |
| General subdivision | Foreign relations |
| Geographic subdivision | United States. |
| 9 (RLIN) | 128144 |
| 942 ## - ADDED ENTRY ELEMENTS (KOHA) | |
| Source of classification or shelving scheme | Dewey Decimal Classification |
| Koha item type | Books |
| Lost status | Source of classification or shelving scheme | Damaged status | Not for loan | Collection code | Permanent Location | Current Location | Shelving location | Date acquired | Source of acquisition | Cost, normal purchase price | Total Checkouts | Full call number | Date last seen | Copy number | Koha item type |
|---|---|---|---|---|---|---|---|---|---|---|---|---|---|---|---|
| Dewey Decimal Classification | Non-fiction | Central Library, University of Rajshahi | Central Library, University of Rajshahi | 17/06/1999 | Ankur Prokashni, Dhaka | 58.00 | 327.73054 RAI 1980 | 11/06/2016 | C-2 | Books | |||||
| Dewey Decimal Classification | Non-fiction | Central Library, University of Rajshahi | Central Library, University of Rajshahi | 17/06/1999 | Dhaka, Ankur Prakashani | 58.00 | 327.73054 RAI 1980 | 30/07/2016 | C-3 | Books |